| 000 | 00611 a2200181 4500 | ||
|---|---|---|---|
| 020 | _a0691132984 | ||
| 020 | _a9780691132983 | ||
| 082 | _a518.1 | ||
| 090 |
_c1271 _d1271 |
||
| 100 | 1 | _aAbsil, P.-A. | |
| 245 | 1 | 0 |
_aOptimization algorithms on matrix manifolds / _cP.-A. Absil, R. Mahony, R. Sepulchre. |
| 260 |
_a[S.l.] : _bPrinceton University Press, _c2007. |
||
| 300 |
_a240 p. ; _c24 cm. |
||
| 700 | 1 | _aMahony, R. | |
| 700 | 1 | _aSepulchre, R. | |
| 942 |
_aSNS _cBK _k518.1 ABS |
||
| 999 |
_c29884 _d29884 |
||